MARC details
| 000 -CABECERA |
| campo de control de longitud fija |
01463nam a2200361 i 4500 |
| 003 - IDENTIFICADOR DEL NÚMERO DE CONTROL |
| campo de control |
DO-SdBNP |
| 005 - FECHA Y HORA DE LA ÚLTIMA TRANSACCIÓN |
| campo de control |
20240305134713.0 |
| 006 - CÓDIGOS DE INFORMACIÓN DE LONGITUD FIJA--CARACTERÍSTICAS DEL MATERIAL ADICIONAL |
| campo de control de longitud fija |
a||||gr|||| 00| 0 |
| 007 - CAMPO FIJO DE DESCRIPCIÓN FÍSICA--INFORMACIÓN GENERAL |
| campo de control de longitud fija |
ta |
| 008 - DATOS DE LONGITUD FIJA--INFORMACIÓN GENERAL |
| campo de control de longitud fija |
231004t2015 gra||||| |||| 00| p spa d |
| 040 ## - FUENTE DE LA CATALOGACIÓN |
| Centro catalogador/agencia de origen |
DO-SdBNP |
| Lengua de catalogación |
spa |
| Centro/agencia transcriptor |
BNPHU |
| Normas de descripción |
rda |
| 082 #4 - NÚMERO DE LA CLASIFICACIÓN DECIMAL DEWEY |
| Número de clasificación |
G861.44 |
| Número de documento/Ítem |
C268p |
| Número de edición |
22 |
| 100 1# - ENTRADA PRINCIPAL--NOMBRE DE PERSONA |
| Nombre de persona |
Cardoza y Aragón, Luis |
| Fechas asociadas al nombre |
1901-1992 |
| 9 (RLIN) |
84399 |
| 245 10 - MENCIÓN DE TÍTULO |
| Título |
La poesía de Luis Cardoza y Argón/ |
| Mención de responsabilidad, etc. |
antología y edición, Enrique Noriega; presentación, Luis Eduardo Rivera. |
| 246 34 - FORMA VARIANTE DE TÍTULO |
| Título propio/Titulo breve |
La poesía de Luis Cardoza y Aragón: |
| Resto del título |
¿Qué sería de mi brazo, de-mi-mano? viese-en-el-delta si-no-se-resol-esembocando-al-universo. |
| 264 #4 - PRODUCCIÓN, PUBLICACIÓN, DISTRIBUCIÓN, FABRICACIÓN Y COPYRIGHT |
| Producción, publicación, distribución, fabricación y copyright |
Guatemala : |
| Nombre del de productor, editor, distribuidor, fabricante |
Ministerio de Cultura y Deportes, |
| Fecha de producción, publicación, distribución, fabricación o copyright |
2015 |
| 300 ## - DESCRIPCIÓN FÍSICA |
| Extensión |
133 páginas ; |
| Dimensiones |
21 |
| 336 ## - TIPO DE CONTENIDO |
| Fuente |
rdacontent |
| Término de tipo de contenido |
texto |
| Código de tipo de contenido |
txt |
| 337 ## - TIPO DE MEDIO |
| Fuente |
rdamedia |
| Nombre/término del tipo de medio |
sin mediación |
| Código del tipo de medio |
n |
| 338 ## - TIPO DE SOPORTE |
| Fuente |
rdacarrier |
| Nombre/término del tipo de soporte |
volumen |
| Código del tipo de soporte |
nc |
| 490 0# - MENCIÓN DE SERIE |
| Mención de serie |
Poesía. |
| 490 0# - MENCIÓN DE SERIE |
| Mención de serie |
Rafael Landívar ; |
| Designación de volumen o secuencia |
103 |
| 500 ## - NOTA GENERAL |
| Nota general |
Incluye datos biográficos de los autores en las solapas |
| 590 ## - NOTA LOCAL (RLIN) |
| Nota local |
Inventariado 2023 / MF |
| 600 14 - PUNTO DE ACCESO ADICIONAL DE MATERIA--NOMBRE DE PERSONA |
| Nombre de persona |
Cardoza y Aragón, Luis, |
| Fechas asociadas al nombre |
1904-1992 |
| 9 (RLIN) |
39686 |
| Subdivisión de forma |
Crítica e interpretación |
| 650 #4 - PUNTO DE ACCESO ADICIONAL DE MATERIA--TÉRMINO DE MATERIA |
| Término de materia o nombre geográfico como elemento de entrada |
Poesía guatemalteca |
| 9 (RLIN) |
14068 |
| 650 #4 - PUNTO DE ACCESO ADICIONAL DE MATERIA--TÉRMINO DE MATERIA |
| Término de materia o nombre geográfico como elemento de entrada |
Literatura guatemalteca |
| 9 (RLIN) |
5393 |
| 700 1# - PUNTO DE ACCESO ADICIONAL--NOMBRE DE PERSONA |
| Nombre de persona |
Noriega, Enrique, |
| 9 (RLIN) |
75442 |
| Término indicativo de función/relación |
compilador y editor |
| 700 1# - PUNTO DE ACCESO ADICIONAL--NOMBRE DE PERSONA |
| Nombre de persona |
Rivera, Luis Eduardo, |
| Fechas asociadas al nombre |
1949- |
| Término indicativo de función/relación |
presentación |
| 9 (RLIN) |
84385 |
| 830 0# - PUNTO DE ACCESO ADICIONAL DE SERIE-TÍTULO UNIFORME |
| Título uniforme |
Poesía |
| Nombre de parte o sección de la obra |
Rafael Landívar ; |
| Número de parte o sección de la obra |
103 |
| 9 (RLIN) |
84400 |
| 910 ## - DATOS DE OPCIÓN DEL USUARIO (OCLC) |
| Datos de opción del usuario |
Validado. Control de calidad MFF |
| 942 ## - ELEMENTOS DE PUNTO DE ACCESO ADICIONAL (KOHA) |
| Fuente del sistema de clasificación o colocación |
Dewey Decimal Classification |
| Tipo de ítem Koha |
Libro |